| 000 | 00411nam a2200157Ia 4500 | ||
|---|---|---|---|
| 008 | 151021s9999 xx 000 0 und d | ||
| 020 | _a8131300625 | ||
| 050 | _aP90.S256 2007 | ||
| 245 | _a_Media and Journalism J.K.Singh | ||
| 260 | _aNew Delhi A.P.H. 2007 | ||
| 300 | _aix,258p | ||
| 500 | _aIncludes index. | ||
| 500 | _aIncludes index. | ||
| 650 | _a_Media | ||
| 980 | _a^d20130805 04:18:39^oanne | ||
| 999 |
_c14327 _d14327 |
||